The heart of the matter
Zapisane w:
| 1. autor: | |
|---|---|
| Format: | Książka |
| Język: | angielski |
| Wydane: |
Nueva York
Bantam Books
1956
|
| Hasła przedmiotowe: | |
| Etykiety: |
Dodaj etykietę
Nie ma etykietki, Dołącz pierwszą etykiete!
|
MARC
| LEADER | 00000nam a2200000 a 4500 | ||
|---|---|---|---|
| 001 | UCR3386 | ||
| 003 | CL-VaPUC | ||
| 008 | 980124e19560000US |||||||||||||||||eng|d | ||
| 082 | 0 | 4 | |a 823 |b GRE |2 21 |
| 100 | 0 | |a Greene, Graham |e author |9 309259 | |
| 245 | 1 | 4 | |a The heart of the matter |
| 300 | |a 244 p | ||
| 942 | |c BK | ||
| 945 | |d 19980124 00:00:00 |a aolguin | ||
| 260 | |a Nueva York |b Bantam Books |c 1956 | ||
| 650 | 0 | |a Novelas inglesas |9 265220 | |
| 650 | 0 | |a Literatura inglesa |9 312907 | |
| 583 | |a last modification |c 19980124 00:00:00 |k Rodrigo Vera | ||
| 999 | |c 266465 |d 266463 | ||
| 952 | |0 0 |1 0 |4 0 |6 823_000000000000000_GRE_1956 |7 0 |8 A |9 298070 |a BIBEDU |b BIBEDU |d 2019-11-20 |i 193743K |o 823 GRE 1956 |p 193743K |r 2019-11-20 |w 2019-11-20 |y BK |k LIT | ||